Photoshop CS : essential skills :,a guide to creative image editing

This approach is a brilliant idea that has been much tried in multimedia applications, but the difference here is that the book isn't second best. It is the key document and is beautifully illustrated and set out as a result...this makes it something of an inspiration as well as a work of instr...

Cur síos iomlán

Đã lưu trong:
Sonraí Bibleagrafaíochta
Príomhúdar: Galer, Mark
Formáid: Leabhar
Teanga:Undetermined
Foilsithe: Amsterdam Elsevier 2005
Ábhair:
Clibeanna: Cuir Clib Leis
Gan Chlibeanna, Bí ar an gcéad duine leis an taifead seo a chlibeáil!
Thư viện lưu trữ: Trung tâm Học liệu Trường Đại học Cần Thơ
LEADER 01197nam a2200205Ia 4500
001 CTU_115991
008 210402s9999 xx 000 0 und d
082 |a 006.68 
082 |b G154 
100 |a Galer, Mark 
245 0 |a Photoshop CS : 
245 0 |b essential skills :,a guide to creative image editing 
245 0 |c Mark Galer, Philip Andrews 
260 |a Amsterdam 
260 |b Elsevier 
260 |c 2005 
520 |a This approach is a brilliant idea that has been much tried in multimedia applications, but the difference here is that the book isn't second best. It is the key document and is beautifully illustrated and set out as a result...this makes it something of an inspiration as well as a work of instruction." - Stills Audio Motion "First impressions of Photoshop CS: Essential Skills are that it is an exceptionally well laid out, clear, clean, well designed book with a good selection of images and an altogether user-friendly look...I would highly recommend it as an introduction to the digital darkroom for photographic and photo-illustrative imaging 
650 |a Computer graphics 
904 |i Vương 
980 |a Trung tâm Học liệu Trường Đại học Cần Thơ